书目信息 |
| 题名: |
创新思想
|
|
| 作者: | 刘卫平 编著 | |
| 分册: | ||
| 出版信息: | 杭州 浙江人民出版社 1999.12 |
|
| 页数: | 241页 | |
| 开本: | 32开 | |
| 丛书名: | ||
| 单 册: | ||
| 中图分类: | G305 | |
| 科图分类: | ||
| 主题词: | 科学研究--理论 | |
| 电子资源: | ||
| ISBN: | 7-213-02006-4 | |
| 000 | 00539nam0 2200193 45 | |
| 001 | 0103211023 | |
| 005 | 20010321105340.5 | |
| 010 | @a7-213-02006-4@d12.00元 | |
| 100 | @a20010321d1999 km y0chiy0120 ea | |
| 101 | 0 | @achi |
| 105 | @a z 000yy | |
| 200 | 1 | @a创新思想@AChuang Xin Si Xiang@f刘卫平编著@FLiu Wei Ping Bian Zhu |
| 210 | @a杭州@c浙江人民出版社@d1999.12 | |
| 215 | @a241页@d32开 | |
| 606 | 0 | @a科学研究@x理论 |
| 690 | @aG305@v3 | |
| 701 | 0 | @a刘卫平@4编著 |
| 801 | @aCN@bPftUser@c20010321 | |
| 905 | @b330924-926@dG305@eL697@f3 | |
| 创新思想/刘卫平编著.-杭州:浙江人民出版社,1999.12 |
| 241页;32开 |
| ISBN 7-213-02006-4:12.00元 |
| ● |
| 相关链接 |
|
|
|
正题名:创新思想
索取号:G305/L697
 
预约/预借
| 序号 | 登录号 | 条形码 | 馆藏地/架位号 | 状态 | 备注 |
| 1 | 330924 | 203309240 | 社科库409/409社科库 60排7列4层/ [索取号:G305/L697] | 在馆 | |
| 2 | 330925 | 203309259 | 社科库409/409社科库 60排7列4层/ [索取号:G305/L697] | 在馆 | |
| 3 | 330926 | 203309268 | 社科库409/409社科库 60排7列4层/ [索取号:G305/L697] | 在馆 |